000 00749 a2200217 4500
001 41376
005 20260407155708.0
008 260407a2006 arg spa d
003 AR-UNSa-BCEJYS
040 _aAR-UNSa-BCEJYS
_bspa
_cAR-UNSa-BCEJYS
080 _a657
_xContabilidad
245 1 0 _aConociendo la contabilidad. Suplemento de actualización
_pintroducción al conocimiento contable para alumnos universitarios
264 1 _aBuenos Aires :
_bOsmar D. Buyatti
_c2006
300 _a62 p.
_c22 cm
505 _a13. Registración
041 _aspa
942 _cBK
590 _aniveau_biblio:m niveau_hierar:0
100 1 _aTelese, Miguel
856 4 1 _uhttps://biblioeco.unsa.edu.ar/pmb/images/libros/E00046.jpg
_yImagen de portada
_qimage/jpeg
999 _c3481
_d3481